TIME100 Most Influential People of 2025 - Statistics

General Stats
  • This quiz has been taken 788 times
  • The average score is 12 of 100
Answer Stats
Country Occupation Hint Answer % Correct
UK Singer "Shape of You" Ed Sheeran
90%
USA Politician President of USA Donald Trump
80%
USA Actress Black Widow Scarlett Johansson
68%
South Africa Businessman Senior Advisor to the US President Elon Musk
60%
USA Politician Vice President of the USA J.D. Vance
59%
USA Entrepreneur CEO of Meta Mark Zuckerberg
54%
Ireland Musician "Take Me to Church" Hozier
52%
UK Politician PM of the UK Keir Starmer
45%
USA Gymnast Most decorated gymnast ever Simone Biles
41%
USA Actor The Pianist Adrien Brody
39%
USA Tennis Player 23 Grand Slams Serena Williams
39%
USA Podcaster The ___ _____ Experience Joe Rogan
37%
USA Actress The Substance Demi Moore
29%
USA Football Player Eagles QB Jalen Hurts
26%
Argentina Politician President of Argentina Javier Milei
24%
USA Singer Pussycat Dolls Nicole Scherzinger
24%
USA Rapper Doggystyle Snoop Dogg
24%
USA Actress Parks and Recreation Rashida Jones
23%
USA Politician USA Secretary of HHS Robert F. Kennedy Jr.
23%
USA Actor Hawaii Five-O Daniel Dae Kim
21%
UK Singer "Stargazing" Myles Smith
21%
USA Actress Veronica Mars Kristen Bell
20%
Mexico Politician President of Mexico Claudia Sheinbaum
19%
USA Actor Parks and Recreation Adam Scott
18%
China Business Executive CEO of Hong Kong Exchanges Bonnie Y Chan
15%
Mexico Actor Rogue One: A Star Wars Story Diego Luna
15%
Canada Writer Saturday Night Live Producer Lorne Michaels
15%
New Zealand Singer Blackpink Rose
15%
Italy Fashion Designer Head designer of _____ Miuccia Prada
14%
Germany Politician Leader of the Christian Democratic Union Friedrich Merz
12%
USA Business Executive CEO of Advanced Micro Devices Lisa Su
12%
USA Basketball Player New York Liberty Breanna Stewart
11%
USA Actress The Sisterhood of the Traveling Pants Blake Lively
10%
USA Director Wicked Jon M. Chu
9%
USA Journalist ABC World News Tonight David Muir
8%
USA Businessman US Secretary of Commerce Howard Lutnick
8%
USA Makeup Artist _____ _____ Cosmetics Bobbi Brown
7%
France SA Advocate Mazan rape case Gisele Pelicot
7%
France Swimmer WR 400M Medley Leon Marchand
7%
USA Businessman CEO of Palantir Alex Karp
6%
USA Actress Saturday Night Live Kristen Wiig
6%
Syria Politician President of Syria Ahmed al-Sharaa
4%
Germany Lawyer Advocated for elderly women dying from heat exhaustion Cordelia Bahr
4%
Japan Actor Shogun Hiroyuki Sanada
4%
USA Businessman CEO of BlackRock Larry Fink
4%
Bangladesh Economist Chief Adviser of Bangladesh Muhammad Yunus
4%
USA Basketball Player Minnesota Lynx Napheesa Collier
4%
USA Government Official Director of US OMB Russell Vought
4%
USA Business Executive CEO of Netflix Ted Sarandos
4%
Australia Businessman Former CEO of Fortescue Metals Andrew Forrest
3%
UK AI Researcher CEO of DeepMind Demis Hassabis
3%
USA Entrepreneur CEO of the Anti-Defamation League Jonathan Greenblatt
3%
Venezuela Politician Opposition Leader Maria Corina Machado
3%
USA Journalist The _____ _____ Show Megyn Kelly
3%
USA Visual artist Portrait of Mnonja Mickalene Thomas
3%
USA Writer James Percival Everett
3%
Ethiopia Public Health Official Director-General of the WHO Tedros Adhanom Ghebreyesus
3%
USA Playwright Gloria Branden Jacobs-Jenkins
2%
USA Actress The Harder They Fall Danielle Deadwyler
2%
Italy AI Researcher CEO of Anthropic Dario Amodei
2%
USA Businessman CEO of Walmart Doug McMillon
2%
Botswana Politician President of Botswana Duma Boko
2%
USA Business Executive CEO of Delta Ed Bastian
2%
South Korea Politician Leader of the Democratic Party Lee Jae-myung
2%
China Entrepreneur CEO of DeepSeek Liang Wenfeng
2%
USA Director The Future Miranda July
2%
Iran Filmmaker There Is No Evil Mohammad Rasoulof
2%
USA Comedian Not Safe with _____ ______ Nikki Glaser
2%
Israel Advocate Kidnapped by Hamas Noa Argamani
2%
UK Marine biologist Researches marine litter Richard Thompson
2%
Argentina Professor Advocate for climate change Sandra Diaz
2%
USA Business Executive CEO of American Express Stephen J. Squeri
2%
UK Entreprenuer CEO of GoFundMe Tim Cadogan
2%
Japan Musician X Japan Yoshiki
2%
USA Business Executive CEO of Undue Medical Debt Allison Sesso
1%
USA Venture capitalist G9 Ventures Amy Griffin
1%
USA Advocate Addressing air pollution Andrea Vidaurre
1%
Zimbabwe Executive CAMFED Angeline Murimirwa
1%
Germany Architect Rubell Museum Annabelle Selldorf
1%
USA Lawyer Executive Director of ACLU Anthony D. Romero
1%
Cameroon Researcher Professor of Molecular Biology at Redeemer's University Christian Happi
1%
Gambia Activist Campaigns to end FGM Fatou Baldeh
1%
Morocco Scientist Executive Managing Director of CGIAR Ismahane Elouafi
1%
USA Lawyer Advocated for Sandy Hook and Uvalde victims Josh Koskoff
1%
USA Advocate Fighting for rural abortion rights Julie Burkhart
1%
USA Chef Opened Shaw Bijou Kwame Onwuachi
1%
China Architect Founder of MAD Architects Ma Yansong
1%
Nigeria Media Mogul EbonyLife Mo Abudu
1%
Thailand Chef Owner of Kalaya in Philadelphia Nok Suntaranon
1%
USA Writer Transgender rights activist Raquel Willis
1%
India CEO Vertex Pharmaceuticals Reshma Kewalramani
1%
USA Surgeon Director of NYU Transplant Institute Robert Montgomery
1%
USA Botanist Outreach to tribal communities Robin Wall Kimmerer
1%
USA Advocate CEO of Democracy Forward Skye Perryman
1%
Spain Politician First Executive VP of ECCJCT Teresa Ribera
1%
Czechia Biochemist Developed remdesivir Tomas Cihlar
1%
Canada Astronomer Measured the Hubble constant Wendy Freedman
1%
USA Biochemist Chair of Utah Department of Biochem Wesley Sundquist
1%
USA Fashion Designer _____ _________ Willy Chavarria
1%
Japan Artist Knife Behind Back Yoshitomo Nara
1%
No matching quizzes found
Score Distribution
Percent of People with Each Score
Percentile by Number Answered
Your Score History
You have not taken this quiz